| 000 | 00607nam a22002057a 4500 | ||
|---|---|---|---|
| 005 | 20251108172325.0 | ||
| 008 | 250721s2000 xx 000 0 ara d | ||
| 082 | 1 | 4 | _a347.56501/منا |
| 100 | 1 | _aالمناصرة، محمد حسين مهاوش | |
| 245 | 1 | 0 | _aالمنهاج في التطبيقات القضائية / |
| 264 | 1 |
_aعمان : _c2000. |
|
| 300 | _a280ص. | ||
| 650 | 1 | 7 | _aالمحاكم |
| 650 | 1 | 7 | _aالنظام القضائي |
| 650 | 1 | 7 | _aالمحاكم المدنية |
| 650 | 1 | 7 | _aالقانون المدني |
| 650 | 1 | 7 | _aالأردن |
| 942 |
_2ddc _cBK |
||
| 999 |
_c76200 _d76200 |
||